000 01013nam a2200217Ia 4500
999 _c38484
_d38484
001 4497
003 GE_BSU
005 20191021111615.0
008 181216s2005||||ge |||||||||||||| ||geo||
040 _cGE_BSU
041 _ageo
080 _a551.5(479.223)(063) ს–84
245 _aსტიქია და ეკომიგრანტები აჭარაში :
_bკონფერენციის მასალები 8–9 დეკემბერი.
264 _aბათუმი,
_c2005.
300 _a71 გვ. :
_bილ.;
_c20 სმ.
500 _aდაიბეჭდა ფონდის “ღია საზოგადოება – საქართველო” ფინანსური ხელშეწყობით.
653 _aსტიქიური მოვლენები აჭარაში
653 _aეკოლოგიური მიგრაციები
653 _aკონფერენცია
942 _cBK
_2udc